| 000 | 00431 a2200169 4500 | ||
|---|---|---|---|
| 005 | 20260312132747.0 | ||
| 008 | 260312b |||||||| |||| 00| 0 eng d | ||
| 020 | _a9781804296561 | ||
| 040 | _cSDCL | ||
| 041 |
_2eng _aeng |
||
| 084 | _aXL R5 | ||
| 100 | _aLazzarato, Maurizio | ||
| 245 |
_aWar and Money : _bThe Imperialism of the Dollar |
||
| 260 |
_aLondon : _bVerso, _c2025. |
||
| 300 | _avii, 216p. | ||
| 942 |
_cTEXL _2CC |
||
| 999 |
_c1497289 _d1497289 |
||